=LDR 00000nam 2200000 4500 =001 INLIS000000000035445 =005 20240508102722 =035 ##$$a 0010-061300000035445 =008 240508###########################0#ind## =041 ##$$a ind =082 ##$$a 028.55 =090 ##$$a 028.55, Sar k =100 ##$$a Sartika, Yopi. Ssi =245 1#$$a Kertas dan sedotan : $b Kertas dan sedotan /$c Yopi sartika, Ssi =260 ##$$a Bogor :$b Aurora Angkasa Perdana,$c 2008 =300 ##$$a iv,64 hlm : $b Ilus ; $c 25 cm =650 #4$$a Bacaan kanak-Kanak =850 ##$$a NBPNMAT =084 ##$$a 028.55 SAR k =250 ##$$a Seri Mari Bereksperimen =990 ##$$a 21400613/BPAP-NTB/20142014 =990 ##$$a 1201606568 =990 ##$$a 21009428 =990 ##$$a 21400613/BPAP-NTB/20142014 =990 ##$$a 65586558 =990 ##$$a 21009427 =990 ##$$a 21400613/BPAP-NTB/20142014 =990 ##$$a 21009428